• 首页
  • 本馆介绍
  • 公告通知
  • 最新文献
  • 馆藏检索
  • 电子资源
  • 读者导购
  • 参考咨询
  • 我的图书馆
  • 登录
  • 详细信息显示
  • 放入我的书架
  • 预约/预借图书
  • 作者相关作品
  • 分类相关作品
  • 丛书相关作品
  • 出版社相关作品

书目信息

  • 表格格式
  • 工作单格式
  • 卡片格式
题名:
阿拉伯埃及近代文学史
    
 
作者: 戴伊夫 著 ;李振中 译
分册:  
出版信息: 北京   人民文学出版社  1980
页数: 307页
开本: 21cm
丛书名:
单 册:
中图分类: I371.09
科图分类:
主题词: 文学史--埃及--近代 , 文学
电子资源:
ISBN:
000 00729nam0 2200265 45
001 0180007418
005 20040413154627.7
010    @dCNY0.90
091    @a10019.3055
100    @a19950628d1980 em y0chiy0121 ea
101 1  @achi@cegy
102    @aCN@b110000
105    @ay z 000yy
106    @ar
200 10 @a阿拉伯埃及近代文学史@Aa la bo ai ji jin dai wen xue shi@f(埃及)戴伊夫著@g李振中译
210    @a北京@c人民文学出版社@d1980
215    @a307页@d21cm
606    @a文学史@y埃及@z近代
606 0  @a文学
690    @aI371.09
701  1 @a戴伊夫@Adai yi fu@f埃及@4著
702  0 @a李振中@Ali zhen zhong@4译
801  0 @aCN@b上海图书馆@c20040413
801  2 @aCN@bNLC@c20040413
905    @f1@b62116@dI371.09@e3
    
    阿拉伯埃及近代文学史/(埃及)戴伊夫著/李振中译.-北京:人民文学出版社,1980
    307页;21cm
    
    
    ISBN :CNY0.90
    
●
相关链接 在E读中查询图书 在五车中查询图书 在当当中查询图书 在豆瓣中查询图书


正题名:阿拉伯埃及近代文学史     索取号:I371.09/3         预约/预借

序号 登录号 条形码 馆藏地/架位号 状态 备注
1 0062100   001910392   密集书库/ [索取号:I371.09/3] 在馆    
2 0062101   000691923   密集书库/ [索取号:I371.09/3] 在馆    
3 0062102   000692058   密集书库/ [索取号:I371.09/3] 在馆    
4 0062103   000691996   密集书库/ [索取号:I371.09/3] 在馆    
5 0062104   000691978   第二借阅区/ [索取号:I371.09/3] 在馆    
6 0062105   000776495   密集书库/ [索取号:I371.09/3] 在馆    
7 0062106   000692003   密集书库/ [索取号:I371.09/3] 在馆    
8 0062107   000691941   密集书库/ [索取号:I371.09/3] 在馆    
9 0062108   000691932   密集书库/ [索取号:I371.09/3] 在馆    
10 0062109   202115013   第一样本阅览室/ [索取号:I371.09/3] 在馆    
11 0062110   000691950   密集书库/ [索取号:I371.09/3] 在馆    
12 0062111   000691914   密集书库/ [索取号:I371.09/3] 在馆    
13 0062112   000691905   密集书库/ [索取号:I371.09/3] 在馆    
14 0062113   000692067   密集书库/ [索取号:I371.09/3] 在馆    
15 0062114   000776538   密集书库/ [索取号:I371.09/3] 在馆    
16 0062115   000691969   密集书库/ [索取号:I371.09/3] 在馆    
17 0062116   000691987   密集书库/ [索取号:I371.09/3] 在馆    
18 0062117   001922717   密集书库/ [索取号:I371.09/3] 在馆    
19 0062118   001910356   密集书库/ [索取号:I371.09/3] 在馆    
20 0062119   001922753   密集书库/ [索取号:I371.09/3] 在馆    
唐山师范学院图书馆 欢迎您!
大连网信软件有限公司© 版权所有